| 000 | 00520nam a2200181Ia 4500 | ||
|---|---|---|---|
| 003 | IN-BaIIA | ||
| 008 | 211028s9999 xx 000 0 eng d | ||
| 040 | _cIIA Library | ||
| 080 |
_a621.316.722 _bPAT |
||
| 100 |
_aPatchett, G. N _92892 |
||
| 245 | 0 |
_aAutomatic voltage regulations and stabilizers _cG. N. Patchett |
|
| 260 |
_aLondon _bSir Isaac Pitman and Sons _c1954 |
||
| 300 | _aviii, 335p. | ||
| 650 |
_a Stabilizers _98202 |
||
| 650 |
_a Voltage Regulators _98131 |
||
| 650 | _aNASA Thesaurus | ||
| 942 | _cBK | ||
| 999 |
_c4637 _d4637 |
||